000
00305nam a22001337a 4500
020
_a
92-5-104282-9
041
_a
ENG
100
_a
Burt.C
245
_a
Modern Water Control And Management Practices In Irrigation
260
_a
Rome
_b
FAO
_c
1999
300
_a
223
650
_a
FAO
856
_u
FAO ( 01 )
999
_c
2339
_d
2339